000 00758cam a2200229 4500
001 ABS61852
008 000000n2000 000 0 eng u
035 _a(Sirsi) u103914
100 _aHarris, P.
245 _aWealth tax - French style
260 _c2000
490 _aTaxation
_v144(3740) 20 January 2000, 331-333(3)
520 _aExplains the application of wealth tax to indirect interests in French property such as offshore trusts and companies. Also looks at the taxation of transfers of indirect interests in French property through trusts.
590 _aABS
650 _aFRANCE
650 _aFRENCH PROPERTY
650 _aWEALTH TAX
650 _aOFFSHORE TRUSTS
650 _aPROPERTY HOLDINGS
690 _aTAXATION
942 _n0
999 _c62374
_d62374